| 000 | 00389 a2200133 4500 | ||
|---|---|---|---|
| 001 | 92276 | ||
| 082 | _aPR 2524 | ||
| 090 |
_c44224 _d44223 |
||
| 100 | _aMoin Aslam; Prof Tauseef ur Rehman and Irteza Ali (Advisors) | ||
| 245 |
_aDepiction of QRF on Electronic Map in crisis control center _n77 "B" EC |
||
| 260 |
_aIslamabad _bNUST _c2014 |
||
| 300 | _a54p. | ||
| 500 | _aBE project Reports | ||
| 942 |
_aCAE NUST _kPR 2524 |
||
| 999 |
_c327349 _d327349 |
||